000 00807nam a2200253Ia 4500
003 OSt
005 20220927114234.0
006 a|||||r|||| 00| 0
007 ta
008 220926b |||||||| |||| 00| 0 eng d
020 _a9788171888306
_c845.75
024 _a190121
037 _b"BSS/47, 28/12/2010, Better Book Service"
_cTextbook
040 _aRTL
_cRTL
_beng
041 _2eng
_aeng
082 _a"X:77.2, Q0"
100 _aKochhar Sameer
_9387675
245 0 _aIndia on the growth turnpike
_b Essays in honour of Vijay L.Kelkar
260 _aNew
_bDelhi Academic Foundation
_c2010
300 _a317p Bibliography chapterwise
_ccm.
650 _aEconomics
942 _h"X:77.2, Q0"
_cCC
999 _c703509
_d703509